[Event "Team men HL chess 2018"]
[Site "Sochi"]
[Date "2018.05.02"]
[Round "2.4"]
[White "Savitskiy, Sergey"]
[Black "Nuristani, Iman"]
[Result "0-1"]
[WhiteElo "2416"]
[BlackElo "2132"]
[PlyCount "90"]
[EventDate "2018.05.01"]

1. e4 e6 2. d4 d5 3. Nc3 Nf6 4. e5 Nfd7 5. f4 c5 6. Nf3 Nc6 7. Be3 cxd4 8. Nxd4
Bc5 9. Qd2 Bxd4 10. Bxd4 Nxd4 11. Qxd4 Qb6 12. O-O-O Qxd4 13. Rxd4 a6 14. Be2
h5 15. Bf3 g6 16. Rhd1 Rb8 17. a4 b6 18. b4 Bb7 19. Kb2 O-O 20. Na2 Bc6 21. c4
Bxa4 22. R1d2 f6 23. Nc3 fxe5 24. fxe5 Nxe5 25. Nxa4 Nxc4+ 26. Rxc4 dxc4 27.
Rd6 Rf5 28. Rxe6 Rb5 29. Nc3 Rxb4+ 30. Kc2 Kg7 31. Be4 a5 32. Rxg6+ Kf7 33. Rc6
b5 34. Bd5+ Kg7 35. h4 a4 36. Ne4 a3 37. Ng3 Rb2+ 38. Kc1 Rf2 39. Nxh5+ Kf8 40.
Rf6+ Rxf6 41. Nxf6 Ke7 42. Ne4 Rd8 43. Nc3 b4 44. Kc2 bxc3 45. Bxc4 Rd2+ 0-1

[Event "Team men HL chess 2018"]
[Site "Sochi"]
[Date "2018.05.02"]
[Round "2.1"]
[White "Levin, Evgeny A"]
[Black "Gusarov, Grigory"]
[Result "1-0"]
[WhiteElo "2528"]
[BlackElo "2367"]
[PlyCount "97"]
[EventDate "2018.05.01"]

1. d4 d5 2. c4 e6 3. Nc3 a6 4. cxd5 exd5 5. Bf4 c6 6. e3 Bd6 7. Bxd6 Qxd6 8.
Bd3 Ne7 9. Qc2 c5 10. dxc5 Qxc5 11. Nge2 Nbc6 12. h3 Be6 13. O-O h6 14. Rfd1
Rd8 15. Rac1 Qa7 16. Qa4 O-O 17. Rd2 Kh8 18. Bb1 Rd7 19. Qh4 b5 20. Nd4 Ne5 21.
b3 Rc7 22. Qg3 N5c6 23. Nxc6 Nxc6 24. Nxd5 Bxd5 25. Rxd5 Rcc8 26. Qg4 Ne7 27.
Rxc8 Nxc8 28. Qf5 g6 29. Qf4 Kg7 30. Qe5+ Kg8 31. Rc5 Nb6 32. Rc6 Qb8 33. Qxb8
Rxb8 34. Be4 a5 35. Bd3 Nd7 36. Rd6 Nc5 37. Be2 Ne4 38. Rc6 b4 39. Bc4 Nc3 40.
Rxg6+ Kh7 41. Ra6 a4 42. bxa4 Rb7 43. a5 Rc7 44. Bb3 Ne4 45. Rb6 Rc1+ 46. Kh2
Nxf2 47. Rxb4 f5 48. a6 Rc6 49. a7 1-0

[Event "Team men HL chess 2018"]
[Site "Sochi"]
[Date "2018.05.02"]
[Round "2.2"]
[White "Ozgibcev, Anatoly"]
[Black "Duzhakov, Ilya"]
[Result "1/2-1/2"]
[WhiteElo "2376"]
[BlackElo "2415"]
[PlyCount "101"]
[EventDate "2018.05.01"]

1. e4 c5 2. c3 e6 3. d4 d5 4. exd5 exd5 5. Nf3 Nc6 6. Be2 Bd6 7. dxc5 Bxc5 8.
Nbd2 Nf6 9. Nb3 Bb6 10. O-O h6 11. Nbd4 O-O 12. Be3 Re8 13. Re1 Bg4 14. Nxc6
bxc6 15. Bxb6 Qxb6 16. Qb3 c5 17. Qxb6 axb6 18. a3 Re7 19. h3 Bd7 20. Bd3 Rae8
21. Rxe7 Rxe7 22. Re1 Kf8 23. Ne5 Be8 24. Re3 g5 25. g3 Bd7 26. Nxd7+ Nxd7 27.
Rxe7 Kxe7 28. f4 gxf4 29. gxf4 c4 30. Bc2 Nc5 31. Kf2 b5 32. Ke3 Kd6 33. Kd4 f6
34. Bg6 Na4 35. Be8 Nxb2 36. Bxb5 Nd3 37. Ke3 Kc5 38. Ba4 Nc1 39. Kd2 Nd3 40.
Ke3 Nc1 41. Kd2 Na2 42. Kc2 d4 43. cxd4+ Kxd4 44. Bd7 Nc3 45. a4 Nd5 46. a5
Nb4+ 47. Kb2 Nd3+ 48. Kc2 Nb4+ 49. Kb2 Nd3+ 50. Kc2 Nb4+ 51. Kb2 1/2-1/2

[Event "Team men HL chess 2018"]
[Site "Sochi"]
[Date "2018.05.02"]
[Round "2.3"]
[White "Schekachikhin, Maksim"]
[Black "Dilmukhametov, Artur"]
[Result "1/2-1/2"]
[WhiteElo "2400"]
[BlackElo "2348"]
[PlyCount "108"]
[EventDate "2018.05.01"]

1. d4 d5 2. Nf3 e6 3. c4 c5 4. cxd5 exd5 5. Nc3 Nc6 6. g3 Nf6 7. Bg2 Be7 8. O-O
O-O 9. dxc5 Bxc5 10. Na4 Be7 11. Be3 Bg4 12. Rc1 Rc8 13. h3 Be6 14. Nc5 b6 15.
Nxe6 fxe6 16. Nd4 Nxd4 17. Bxd4 Bc5 18. e3 Qe7 19. Qb3 Rc7 20. Be5 Bd6 21. Bxd6
Qxd6 22. Rxc7 Qxc7 23. e4 Nxe4 24. Bxe4 dxe4 25. Qxe6+ Qf7 26. Qxf7+ Kxf7 27.
Re1 Re8 28. Kf1 Re7 29. Ke2 Ke6 30. Rc1 Rd7 31. Rc8 Ke5 32. Rh8 h6 33. Rc8 Rf7
34. Ke3 Rf3+ 35. Ke2 Rf7 36. Rc6 Rd7 37. Rc3 Rf7 38. Rc4 Kd5 39. b3 Ke5 40. h4
Rd7 41. Rc3 Rf7 42. b4 Rd7 43. b5 Kd4 44. Rc6 Ke5 45. h5 Kf5 46. Rg6 Rc7 47.
Ke3 Ke5 48. a4 Rc3+ 49. Kd2 Rc7 50. Ke3 Rc3+ 51. Kd2 Rc7 52. Ke3 Rc3+ 53. Kd2
Rc7 54. Ke3 Rc3+ 1/2-1/2

[Event "Team men HL chess 2018"]
[Site "Sochi"]
[Date "2018.05.02"]
[Round "2.4"]
[White "Pogromsky, Mikhail"]
[Black "Vlasenko, Miroslav"]
[Result "1/2-1/2"]
[WhiteElo "2416"]
[BlackElo "2398"]
[PlyCount "91"]
[EventDate "2018.05.01"]

1. Nf3 f5 2. c4 Nf6 3. g3 g6 4. b4 Bg7 5. Bb2 d6 6. d4 O-O 7. Bg2 Qe8 8. Qb3 c6
9. a4 h6 10. b5 Ne4 11. Nc3 Nxc3 12. Bxc3 e5 13. dxe5 dxe5 14. Qb2 Nd7 15. O-O
Rf7 16. Rfe1 e4 17. Bxg7 Rxg7 18. Nd4 c5 19. Nb3 Qe5 20. Qd2 Nf6 21. Qd8+ Kf7
22. Red1 b6 23. a5 Bb7 24. Qd6 Qxd6 25. Rxd6 Ne8 26. Rd2 Ke7 27. Rad1 Bc8 28.
f3 Nf6 29. Rd8 Rb8 30. Rh8 Ng8 31. fxe4 Be6 32. axb6 axb6 33. exf5 Bxc4 34. Nd2
Bxb5 35. fxg6 Rxg6 36. Rh7+ Ke8 37. Ne4 Rd8 38. Ra1 Bxe2 39. Raa7 Bg4 40. Rhg7
Rxg7 41. Rxg7 Be6 42. Rb7 Rd1+ 43. Kf2 Rb1 44. Nxc5 Rb2+ 45. Ke3 Bc8 46. Rb8
1/2-1/2

[Event "Team men HL chess 2018"]
[Site "Sochi"]
[Date "2018.05.02"]
[Round "2.1"]
[White "Safarian, Armen"]
[Black "Rychagov, Andrey"]
[Result "0-1"]
[WhiteElo "2144"]
[BlackElo "2534"]
[PlyCount "44"]
[EventDate "2018.05.01"]

1. e4 c5 2. Nf3 e6 3. d4 cxd4 4. Nxd4 a6 5. Nc3 b5 6. Bd3 Qb6 7. Nb3 Nc6 8. Be3
Qc7 9. Qd2 Nf6 10. O-O-O Ne5 11. Kb1 Bb7 12. f4 Nc4 13. Bxc4 bxc4 14. e5 Ne4
15. Nxe4 Bxe4 16. Nc5 Bxc5 17. Bxc5 Qxc5 18. Qxd7+ Kf8 19. Rd6 g6 20. Re1 Bd5
21. f5 gxf5 22. g4 Rb8 0-1

[Event "Team men HL chess 2018"]
[Site "Sochi"]
[Date "2018.05.02"]
[Round "2.2"]
[White "Novikov, Stanislav"]
[Black "Nazaretyan, Tigran"]
[Result "1-0"]
[WhiteElo "2540"]
[BlackElo "2302"]
[PlyCount "125"]
[EventDate "2018.05.01"]

1. c4 e6 2. Nf3 Nf6 3. d4 b6 4. g3 Ba6 5. b3 Bb4+ 6. Bd2 Be7 7. Bc3 c6 8. Nbd2
d5 9. Bg2 Nbd7 10. O-O Rc8 11. Bb2 O-O 12. Rc1 c5 13. Re1 Re8 14. a3 Bb7 15.
cxd5 exd5 16. e3 Bd6 17. Rc2 Qe7 18. Qa1 Ba6 19. Rcc1 h6 20. Bh3 Rc7 21. dxc5
bxc5 22. b4 Nb6 23. e4 Nxe4 24. Nxe4 dxe4 25. Bxg7 f5 26. Bxh6 Qf7 27. bxc5
Bxc5 28. Nh4 Bc8 29. Bf4 Rc6 30. Be3 f4 31. Rxc5 Rxc5 32. Bxc5 Bxh3 33. Bxb6
axb6 34. Qd4 e3 35. Qxf4 exf2+ 36. Qxf2 Rxe1+ 37. Qxe1 Qd5 38. Qc3 b5 39. Nf3
Qa2 40. Nd2 Kf8 41. Kf2 Be6 42. Ke3 Bf7 43. h4 Qe6+ 44. Ne4 Kg8 45. Qc5 Qa2 46.
h5 Qa1 47. g4 Bc4 48. Qg5+ Kf7 49. Qg6+ Ke7 50. Qd6+ Ke8 51. Kf4 Qf1+ 52. Kg5
Qc1+ 53. Kg6 Qc2 54. Qc6+ Kd8 55. Kg7 Qe2 56. Qd6+ Kc8 57. Nf6 Kb7 58. g5 Bd3
59. g6 Qc2 60. Nd7 Bf5 61. Nc5+ Kc8 62. Qc6+ Kb8 63. Qb7# 1-0

[Event "Team men HL chess 2018"]
[Site "Sochi"]
[Date "2018.05.02"]
[Round "2.3"]
[White "Tenikashvili, Georgij"]
[Black "Obolentseva, Alexandra"]
[Result "1-0"]
[WhiteElo "2294"]
[BlackElo "2316"]
[PlyCount "167"]
[EventDate "2018.05.01"]

1. d4 Nf6 2. c4 g6 3. Nc3 Bg7 4. Nf3 O-O 5. Bg5 c5 6. d5 h6 7. Bh4 d6 8. e3 Qb6
9. Rb1 Bg4 10. Be2 Nbd7 11. h3 Bf5 12. Bd3 Bxd3 13. Qxd3 Nh5 14. g4 Nhf6 15.
O-O a6 16. Kg2 Qa5 17. a3 b5 18. cxb5 axb5 19. Nxb5 Qa6 20. Rfd1 Rfb8 21. Nc3
Qxd3 22. Rxd3 Nb6 23. Rd2 g5 24. Bg3 Na4 25. Nd1 Ne4 26. Rc2 Nac3 27. Nxc3 Nxc3
28. Re1 Nxd5 29. e4 Nf4+ 30. Bxf4 gxf4 31. e5 Rb3 32. Ree2 Rab8 33. exd6 exd6
34. Red2 R8b6 35. a4 R3b4 36. a5 Ra6 37. Nh4 Be5 38. Nf5 Kh7 39. Rd3 Rb5 40.
Rcd2 c4 41. Nxd6 Rb4 42. Rd5 Bxb2 43. Rc2 c3 44. Nxf7 Ra4 45. Ne5 R4xa5 46.
Rd7+ Kg8 47. Nc4 Ra2 48. Nxb2 Rc6 49. Rb7 Kf8 50. Rb3 Rxb2 51. Rbxb2 cxb2 52.
Rxb2 Rc4 53. Rb5 Kg7 54. Rf5 Kg6 55. h4 Ra4 56. Kf3 Rb4 57. h5+ Kg7 58. Rxf4
Rb5 59. Kg2 Rb2 60. Kg3 Rb1 61. Rc4 Rb7 62. Rc6 Kh7 63. Re6 Ra7 64. f3 Kg7 65.
Kf4 Ra4+ 66. Kf5 Ra5+ 67. Re5 Ra7 68. f4 Rf7+ 69. Ke4 Ra7 70. Rd5 Re7+ 71. Kf5
Rf7+ 72. Ke4 Re7+ 73. Re5 Ra7 74. Re6 Ra4+ 75. Kf5 Ra5+ 76. Re5 Ra7 77. g5 Rf7+
78. Kg4 Ra7 79. Re6 hxg5 80. fxg5 Ra1 81. h6+ Kg8 82. Kh5 Kf7 83. Rf6+ Ke7 84.
Kg6 1-0

[Event "Team men HL chess 2018"]
[Site "Sochi"]
[Date "2018.05.02"]
[Round "2.4"]
[White "Yeritsyan, Aram"]
[Black "Mumdgan, Suren"]
[Result "1-0"]
[WhiteElo "2332"]
[BlackElo "2116"]
[PlyCount "95"]
[EventDate "2018.05.01"]

1. e4 e6 2. d4 d5 3. Nd2 dxe4 4. Nxe4 Nd7 5. Nf3 Ngf6 6. Nxf6+ Nxf6 7. Be3 Bd6
8. Bd3 Bd7 9. Qe2 Qe7 10. O-O-O Nd5 11. Bd2 Nf4 12. Bxf4 Bxf4+ 13. Kb1 O-O-O
14. Be4 c6 15. Ne5 f6 16. Nd3 Bd6 17. f4 Kb8 18. Qe3 Be8 19. Rhe1 Bf7 20. Bf3
Rhe8 21. Bg4 Qc7 22. g3 Re7 23. a3 Rde8 24. Ne5 Bxe5 25. dxe5 f5 26. Bf3 Rd8
27. Qc5 Red7 28. Rxd7 Rxd7 29. Rd1 Rxd1+ 30. Bxd1 Be8 31. Qf8 Qf7 32. Qd6+ Kc8
33. c4 Qd7 34. c5 b6 35. b4 a5 36. Bb3 Qxd6 37. exd6 Bd7 38. cxb6 axb4 39. a4
Kb7 40. a5 c5 41. Kc1 h6 42. Kd2 g5 43. fxg5 hxg5 44. h4 f4 45. hxg5 fxg3 46.
Ke3 Bb5 47. g6 c4 48. g7 1-0

[Event "Team men HL chess 2018"]
[Site "Sochi"]
[Date "2018.05.02"]
[Round "2.1"]
[White "Jary, Sergey"]
[Black "Pavlov, Oleg"]
[Result "1/2-1/2"]
[WhiteElo "2297"]
[BlackElo "2145"]
[PlyCount "79"]
[EventDate "2018.05.01"]

1. d4 e6 2. Bf4 c5 3. e3 Nc6 4. c3 Nf6 5. Nf3 b6 6. h3 Bb7 7. Nbd2 Be7 8. Bd3
O-O 9. O-O d6 10. Qe2 Qc7 11. Rac1 Rfe8 12. e4 e5 13. Bh2 Bf8 14. d5 Ne7 15.
Nh4 g5 16. Nhf3 h6 17. Nc4 Ng6 18. Ne3 Nf4 19. Qc2 Bc8 20. Rfe1 Bd7 21. c4 Bg7
22. Nd2 h5 23. Ndf1 h4 24. f3 a6 25. Ng4 Qa7 26. Kh1 b5 27. Nfe3 N6h5 28. Bg1
Qb7 29. Kh2 Bf8 30. Bf2 Kg7 31. Rb1 b4 32. Qd2 Be7 33. Rbd1 a5 34. Bb1 a4 35.
Rc1 Bd8 36. Qd1 Rh8 37. Rg1 f6 38. Qd2 Kf7 39. Qd1 Ng7 40. Be1 1/2-1/2

[Event "Team men HL chess 2018"]
[Site "Sochi"]
[Date "2018.05.02"]
[Round "2.2"]
[White "Poliakov, Artem"]
[Black "Kurbedinov, Ramis"]
[Result "1/2-1/2"]
[WhiteElo "2105"]
[BlackElo "2309"]
[PlyCount "47"]
[EventDate "2018.05.01"]

1. c4 g6 2. e4 Bg7 3. d4 d6 4. Nc3 Nf6 5. h3 O-O 6. Nf3 Na6 7. Be3 e5 8. d5 Nc5
9. Nd2 a5 10. g4 c6 11. Be2 cxd5 12. cxd5 Bd7 13. g5 Ne8 14. h4 f5 15. h5 Rf7
16. Nc4 Rc8 17. a4 f4 18. Bxc5 Rxc5 19. Rg1 Bf8 20. Nd2 Be7 21. Bg4 Ng7 22.
hxg6 hxg6 23. Bxd7 Qxd7 24. Qf3 {çàïèñü íå ÿñíà} 1/2-1/2

[Event "Team men HL chess 2018"]
[Site "Sochi"]
[Date "2018.05.02"]
[Round "2.3"]
[White "Derjabin, Ilja"]
[Black "Mutovin, Egor"]
[Result "0-1"]
[WhiteElo "2360"]
[BlackElo "1929"]
[PlyCount "86"]
[EventDate "2018.05.01"]

1. d4 d5 2. c4 e6 3. Nc3 Nf6 4. cxd5 exd5 5. Bg5 c6 6. e3 Be7 7. Bd3 O-O 8. Qc2
Nbd7 9. Nge2 Re8 10. O-O Nf8 11. f3 Ng6 12. Rad1 Nh5 13. Bxe7 Qxe7 14. e4 Qg5
15. e5 Nh4 16. Ng3 Nxg3 17. hxg3 Qxg3 18. Bxh7+ Kh8 19. Bd3 Bh3 20. Rf2 Re6 21.
Bf1 Rg6 22. Qe2 Rh6 23. Rd3 Bf5 24. f4 Bxd3 25. Qxd3 Nf5 26. Rf3 Qh2+ 27. Kf2
g6 28. Nd1 Qh4+ 29. g3 Qg4 30. Bg2 Rh2 31. Kg1 Rxg2+ 32. Kxg2 Nh4+ 33. Kf2 Nxf3
34. Qxf3 Qxf3+ 35. Kxf3 Kg7 36. Ne3 Rh8 37. Kg2 Kf8 38. g4 Ke7 39. f5 gxf5 40.
Nxf5+ Ke6 41. Ng7+ Kd7 42. Nh5 c5 43. dxc5 Ke6 0-1

[Event "Team men HL chess 2018"]
[Site "Sochi"]
[Date "2018.05.02"]
[Round "2.4"]
[White "Zhukov, Ivan"]
[Black "Shemeakin, Alexander"]
[Result "1-0"]
[WhiteElo "2097"]
[BlackElo "2263"]
[PlyCount "89"]
[EventDate "2018.05.01"]

1. e4 e6 2. d4 d5 3. Nd2 c5 4. exd5 Qxd5 5. Ngf3 cxd4 6. Bc4 Qd6 7. O-O Nf6 8.
Nb3 Nc6 9. Nbxd4 Nxd4 10. Nxd4 a6 11. Bb3 Bd7 12. Re1 O-O-O 13. c3 Qc7 14. Qe2
Bd6 15. Nf3 Bb5 16. c4 Bc6 17. h3 Ne4 18. Bc2 f5 19. Be3 e5 20. Ng5 Rde8 21.
Nxe4 fxe4 22. a3 Kb8 23. b4 Re6 24. c5 Be7 25. a4 Rg6 26. b5 Bd5 27. c6 bxc6
28. bxa6 Ka8 29. Reb1 Rb8 30. Rxb8+ Qxb8 31. Rb1 Qc8 32. a7 Bd6 33. Kh2 Rf6 34.
Qd2 Rf7 35. Bb3 Rb7 36. Bxd5 Rxb1 37. Qc2 Rb7 38. Qxc6 Qxc6 39. Bxc6 Bb4 40.
Bb6 Bc3 41. a5 Bd4 42. Bxe4 g5 43. Bxd4 exd4 44. a6 Kxa7 45. axb7 1-0

[Event "Team men HL chess 2018"]
[Site "Sochi"]
[Date "2018.05.02"]
[Round "2.1"]
[White "Konaplev, Anton"]
[Black "Chigaev, Maksim"]
[Result "0-1"]
[WhiteElo "2376"]
[BlackElo "2565"]
[PlyCount "106"]
[EventDate "2018.05.01"]

1. d4 Nf6 2. c4 g6 3. Nc3 Bg7 4. e4 d6 5. Be2 O-O 6. Bg5 Na6 7. Qd2 c6 8. h4 h5
9. f3 Nc7 10. Nh3 Nh7 11. Be3 e5 12. Nf2 Ne6 13. d5 Nd4 14. O-O-O c5 15. g4 f5
16. exf5 gxf5 17. g5 Qa5 18. Kb1 a6 19. f4 b5 20. Bxh5 bxc4 21. Rdg1 Rb8 22.
Nfd1 Nb5 23. Nxb5 Qxd2 24. Bxd2 axb5 25. Ba5 Ra8 26. Bc7 Bb7 27. Bxd6 Rfd8 28.
fxe5 Bxd5 29. Nc3 Bc6 30. Be2 Re8 31. Rh2 Bxe5 32. Bxe5 Rxe5 33. a4 b4 34.
Bxc4+ Kg7 35. Ne2 Be4+ 36. Kc1 Rxa4 37. Kd2 b3 38. Kc3 Bf3 39. Nf4 Re4 40. Ne6+
Kg8 41. Nd4+ Rxc4+ 42. Kxc4 cxd4 43. Kxb3 Kg7 44. Kc2 Kg6 45. Kd2 Nf8 46. Ra1
Ne6 47. Ra6 Kh5 48. b4 Re3 49. b5 Nc5 50. Rh6+ Kg4 51. g6 Rc3 52. Ke1 Rc1+ 53.
Kd2 Nb3+ 0-1

[Event "Team men HL chess 2018"]
[Site "Sochi"]
[Date "2018.05.02"]
[Round "2.2"]
[White "Zhurikhin, Alexander"]
[Black "Rodin, Dmitrij"]
[Result "1-0"]
[WhiteElo "2371"]
[BlackElo "2412"]
[PlyCount "63"]
[EventDate "2018.05.01"]

1. d4 Nf6 2. Bg5 e6 3. e4 h6 4. Bxf6 Qxf6 5. c3 d6 6. Bd3 Nc6 7. Ne2 Bd7 8. Na3
g6 9. O-O Bg7 10. f4 Qe7 11. d5 exd5 12. exd5 Qe3+ 13. Kh1 Ne7 14. Ng3 h5 15.
Nc4 Qc5 16. f5 Bxf5 17. Nxf5 gxf5 18. Qe2 Qxd5 19. Bxf5 Rh6 20. Rae1 Be5 21.
Rd1 Qc6 22. Nxe5 dxe5 23. Bd7+ Qxd7 24. Rxd7 Kxd7 25. Qxe5 Rg8 26. Rxf7 Re6 27.
Qd4+ Ke8 28. Rf1 Re2 29. g3 Rxb2 30. Qe5 Rd2 31. Qxc7 Rg6 32. Qxb7 1-0

[Event "Team men HL chess 2018"]
[Site "Sochi"]
[Date "2018.05.02"]
[Round "2.3"]
[White "Kalugin, Sergey G"]
[Black "Aminov, Andrey"]
[Result "1/2-1/2"]
[WhiteElo "2398"]
[BlackElo "2296"]
[PlyCount "81"]
[EventDate "2018.05.01"]

1. e4 e5 2. Nf3 Nc6 3. Bb5 a6 4. Ba4 Nf6 5. O-O Be7 6. Re1 b5 7. Bb3 d6 8. c3
O-O 9. h3 Bb7 10. d4 Nd7 11. Nbd2 exd4 12. cxd4 Bf6 13. Nf1 Na5 14. Bc2 Re8 15.
Bf4 Nf8 16. Ng3 Ne6 17. Bc1 c5 18. d5 Nd4 19. Nxd4 Bxd4 20. Nf5 Bf6 21. Rb1 Nc4
22. b3 Ne5 23. Kh1 Bc8 24. Ng3 Ng6 25. Rf1 Be5 26. Ne2 b4 27. f4 Bf6 28. Bd3
Bd7 29. a4 bxa3 30. Bxa3 Bb5 31. Bb2 Bxb2 32. Rxb2 Qf6 33. Ra2 Rab8 34. Ng3 Qc3
35. Bxb5 axb5 36. Rf3 Qf6 37. Ra6 Nxf4 38. Qf1 g5 39. h4 Ra8 40. hxg5 Qe5 41.
Qxb5 1/2-1/2

[Event "Team men HL chess 2018"]
[Site "Sochi"]
[Date "2018.05.02"]
[Round "2.4"]
[White "Kostin, Alexey"]
[Black "Pogosian, Georgy"]
[Result "1-0"]
[WhiteElo "2291"]
[BlackElo "2155"]
[PlyCount "95"]
[EventDate "2018.05.01"]

1. e4 e6 2. d4 d5 3. Nd2 Nf6 4. e5 Nfd7 5. Ndf3 c5 6. c3 Nc6 7. Bd3 cxd4 8.
cxd4 f6 9. exf6 Nxf6 10. Ne2 Bd6 11. O-O Qc7 12. Nc3 a6 13. Bg5 O-O 14. Rc1 Ng4
15. h3 Nh2 16. Nxh2 Bxh2+ 17. Kh1 Bf4 18. Bxf4 Qxf4 19. Ne2 Qh4 20. f4 Bd7 21.
Qd2 Rac8 22. Kh2 g6 23. a3 Qf6 24. Qe3 Na7 25. Rxc8 Rxc8 26. Rc1 Rxc1 27. Qxc1
Nc6 28. Qc5 Qf8 29. Qb6 Qb8 30. g3 Qa7 31. Qc7 Be8 32. Qd6 Bf7 33. Qc5 Qxc5 34.
dxc5 e5 35. Kg2 Be6 36. fxe5 Nxe5 37. Nf4 Bf7 38. Be2 g5 39. Nd3 Nxd3 40. Bxd3
Kg7 41. Kf2 Be6 42. h4 gxh4 43. gxh4 Kf6 44. Bxh7 Ke5 45. h5 Kd4 46. h6 Kxc5
47. Bd3 Bg8 48. Ke3 1-0

[Event "Team men HL chess 2018"]
[Site "Sochi"]
[Date "2018.05.02"]
[Round "2.1"]
[White "Kezin, Roman"]
[Black "Babarykin, Stanislav"]
[Result "1-0"]
[WhiteElo "2445"]
[BlackElo "2379"]
[PlyCount "120"]
[EventDate "2018.05.01"]

1. d4 d5 2. c4 c6 3. Nc3 e6 4. e3 Nd7 5. Nf3 f5 6. Bd3 Nh6 7. Rb1 a5 8. a3 Bd6
9. b4 axb4 10. axb4 O-O 11. b5 Ng4 12. Qc2 Kh8 13. bxc6 bxc6 14. cxd5 cxd5 15.
Nb5 Bb8 16. O-O Ba6 17. h3 Ngf6 18. Bd2 Ne4 19. Bb4 Bxb5 20. Bxb5 Bd6 21. Rfc1
Bxb4 22. Rxb4 Ndf6 23. Ne5 Kg8 24. Bf1 Nd6 25. Qc7 Rc8 26. Qxd8 Rfxd8 27. Rc5
Nfe4 28. Rxc8 Rxc8 29. f3 Nd2 30. Ba6 Rc1+ 31. Kf2 Rb1 32. Ra4 Kf8 33. Bd3 Rb2
34. Kg3 g5 35. h4 h6 36. Ra8+ Kg7 37. Ra7+ Kg8 38. Ra6 N2c4 39. Bxc4 Nxc4 40.
Nxc4 dxc4 41. Rxe6 gxh4+ 42. Kh3 Kg7 43. Rc6 Re2 44. Rxc4 Rxe3 45. Kxh4 Re2 46.
Rc7+ Kf6 47. Rc6+ Kf7 48. Kg3 Rd2 49. Kf4 Rxd4+ 50. Kxf5 Rd5+ 51. Ke4 Rd2 52.
g4 Kg7 53. Kf5 Rd5+ 54. Ke6 Rd4 55. Ke5 Ra4 56. f4 Rb4 57. Rc7+ Kg8 58. Kf5 Rb6
59. Re7 Rb4 60. Kg6 Kf8 1-0

[Event "Team men HL chess 2018"]
[Site "Sochi"]
[Date "2018.05.02"]
[Round "2.2"]
[White "Meshkov, Yuri A"]
[Black "Bublei, Pavel"]
[Result "1-0"]
[WhiteElo "2315"]
[BlackElo "2387"]
[PlyCount "125"]
[EventDate "2018.05.01"]

1. d4 d5 2. Bf4 Nf6 3. e3 c5 4. c3 Nc6 5. Nd2 Bf5 6. Ngf3 e6 7. Qb3 Qb6 8. Nh4
Qxb3 9. axb3 Bc2 10. dxc5 Bxc5 11. b4 Bb6 12. Rc1 Be4 13. h3 h6 14. b5 Ne7 15.
Nhf3 Bh7 16. Be2 Nd7 17. Nb3 f6 18. Bd6 Rc8 19. O-O Kf7 20. Rfd1 Rhd8 21. Rd2
Be4 22. Ra1 Nf5 23. Bb4 g5 24. Na5 Rc7 25. Nd4 Nxd4 26. exd4 Nf8 27. Nb3 Bg6
28. Bf3 Kg7 29. Re1 Bf7 30. g3 Ng6 31. Nc5 e5 32. Bg4 Nf8 33. Nb3 e4 34. f3 Bg6
35. fxe4 Bxe4 36. Rf2 Rf7 37. Bf5 Bc7 38. Bxf8+ Rfxf8 39. Bxe4 dxe4 40. Kg2 f5
41. Nc5 Rf6 42. g4 b6 43. Na6 Bf4 44. Nb4 e3 45. Rf3 fxg4 46. hxg4 h5 47. gxh5
g4 48. Rff1 Rdd6 49. Nd3 Bg5 50. Kg3 Rd5 51. Rxf6 Bxf6 52. Ra1 Kh6 53. Kxg4
Rxb5 54. Rxa7 e2 55. Ra1 Rb3 56. Re1 Bxd4 57. Rxe2 Bg1 58. Re6+ Kh7 59. Re1 Bh2
60. Re7+ Kh6 61. Re2 Bb8 62. Nb4 Kg7 63. Nc6 1-0

[Event "Team men HL chess 2018"]
[Site "Sochi"]
[Date "2018.05.02"]
[Round "2.3"]
[White "Antonenko, Vladimir"]
[Black "Suslov, Evgeniy"]
[Result "1-0"]
[WhiteElo "2343"]
[BlackElo "2305"]
[PlyCount "45"]
[EventDate "2018.05.01"]

1. d4 d6 2. Nf3 g6 3. c4 Bg7 4. e4 e5 5. Nc3 exd4 6. Nxd4 Nc6 7. Be3 Nge7 8. h4
f5 9. h5 fxe4 10. Nxe4 d5 11. Nxc6 bxc6 12. Bd4 Nf5 13. Bxg7 Nxg7 14. cxd5 Bf5
15. h6 Qe7 16. hxg7 Qxe4+ 17. Be2 Rg8 18. O-O Rxg7 19. Bf3 Qd3 20. Qa4 Qb5 21.
Qd4 Kf8 22. dxc6 h5 23. Bd5 1-0

[Event "Team men HL chess 2018"]
[Site "Sochi"]
[Date "2018.05.02"]
[Round "2.4"]
[White "Draganov, Ruslan"]
[Black "Gubsky, Egor"]
[Result "0-1"]
[WhiteElo "2159"]
[BlackElo "2303"]
[PlyCount "74"]
[EventDate "2018.05.01"]

1. c4 Nf6 2. Nc3 e6 3. g3 Be7 4. Bg2 O-O 5. Nf3 b6 6. O-O Bb7 7. b3 c5 8. Bb2
d5 9. cxd5 exd5 10. d4 Na6 11. dxc5 bxc5 12. Nh4 Qd7 13. e3 Rfd8 14. Qf3 Nc7
15. Nf5 Bf8 16. Nh6+ Kh8 17. Na4 Nce8 18. Rac1 Rac8 19. Rfd1 c4 20. e4 c3 21.
Rxc3 Qe6 22. e5 d4 23. Qxb7 dxc3 24. Rxd8 cxb2 25. Nxb2 Rc1+ 26. Bf1 gxh6 27.
Nd3 Rc7 28. Qa8 Be7 29. Rb8 Kg7 30. exf6+ Nxf6 31. Rb7 Rc2 32. Qxa7 Bd6 33. Rb6
Rd2 34. Qa6 Rd1 35. Rxd6 Qe2 36. Nf4 Rxf1+ 37. Kg2 Rxf2+ 0-1

[Event "Team men HL chess 2018"]
[Site "Sochi"]
[Date "2018.05.02"]
[Round "2.1"]
[White "Kozionov, Kirill"]
[Black "Novikov, Konstantin"]
[Result "1-0"]
[WhiteElo "2452"]
[BlackElo "2255"]
[PlyCount "119"]
[EventDate "2018.05.01"]

1. e4 c5 2. Nc3 Nc6 3. Bb5 g6 4. Bxc6 dxc6 5. f4 Bg7 6. Nf3 Nf6 7. O-O Bg4 8.
d3 c4 9. dxc4 Qb6+ 10. Kh1 O-O 11. Qe1 Rfd8 12. Ne5 Be6 13. b3 Nd7 14. Nxd7
Rxd7 15. Na4 Qc7 16. Bb2 Bxb2 17. Nxb2 f5 18. Nd3 b6 19. Qg3 Rd4 20. Ne5 Rxe4
21. Rae1 Rxe1 22. Rxe1 Bf7 23. Qh4 h5 24. Qg5 Qd6 25. Nf3 Re8 26. Qh6 Qf6 27.
Rd1 b5 28. c5 a5 29. Ne5 a4 30. h3 axb3 31. axb3 Bd5 32. Rd3 h4 33. Rd2 Ra8 34.
Qxg6+ Qg7 35. Kh2 e6 36. Kg1 Qxg6 37. Nxg6 b4 38. Nxh4 Ra5 39. Ng6 Rxc5 40.
Ne7+ Kf7 41. Nxd5 cxd5 42. Kf2 Kf6 43. g4 fxg4 44. hxg4 e5 45. fxe5+ Kxe5 46.
Kg3 Rc8 47. Re2+ Kf6 48. Kf4 Rc6 49. g5+ Kg6 50. Ke5 d4 51. Kxd4 Kxg5 52. Re5+
Kf6 53. Rc5 Rb6 54. Rc8 Ke6 55. Kc5 Rb7 56. Kc6 Ra7 57. Kb6 Rh7 58. Rc7 Rh8 59.
Ka5 Rb8 60. Rc4 1-0

[Event "Team men HL chess 2018"]
[Site "Sochi"]
[Date "2018.05.02"]
[Round "2.2"]
[White "Novikov, Maxim"]
[Black "Golubev, Roman"]
[Result "1-0"]
[WhiteElo "2488"]
[BlackElo "2391"]
[PlyCount "73"]
[EventDate "2018.05.01"]

1. e4 e5 2. Nf3 Nc6 3. Bb5 a6 4. Ba4 Nf6 5. O-O Be7 6. Re1 b5 7. Bb3 d6 8. c3
O-O 9. h3 Bb7 10. d4 Nd7 11. Nbd2 exd4 12. cxd4 Bf6 13. Nf1 Na5 14. Bc2 Re8 15.
N1h2 c5 16. Ng4 cxd4 17. Nxd4 Bxd4 18. Qxd4 Rc8 19. Qd1 h5 20. Ne3 Nf6 21. b3
Nxe4 22. Qxh5 Qf6 23. Bxe4 Bxe4 24. Ba3 Nc6 25. Ng4 Qc3 26. Rac1 Qd2 27. Re2
Qf4 28. Rd1 d5 29. Bc1 Qd6 30. Qg5 d4 31. Rde1 f5 32. Bf4 Qd8 33. Nh6+ Kh7 34.
Nxf5 Qxg5 35. Bxg5 Kg6 36. Nd6 d3 37. Rxe4 1-0

[Event "Team men HL chess 2018"]
[Site "Sochi"]
[Date "2018.05.02"]
[Round "2.3"]
[White "Kuzub, Pavel"]
[Black "Sadovsky, Artem"]
[Result "0-1"]
[WhiteElo "2033"]
[BlackElo "2393"]
[PlyCount "88"]
[EventDate "2018.05.01"]

1. e4 c6 2. d4 d5 3. exd5 cxd5 4. c4 Nf6 5. Nc3 e6 6. Bg5 Bb4 7. Rc1 Nc6 8. Nf3
h6 9. Bxf6 Qxf6 10. a3 Bxc3+ 11. Rxc3 dxc4 12. Bxc4 O-O 13. O-O Rd8 14. Rd3 Bd7
15. b4 Rac8 16. Bb3 Ne7 17. a4 Bc6 18. Ne5 Be4 19. Re3 Bd5 20. Bc2 Nf5 21. Bxf5
Qxf5 22. Rg3 Rc7 23. Qd2 Kh7 24. Ng4 Be4 25. Ne3 Qf6 26. Ng4 Qxd4 27. Qf4 Re7
28. Rh3 Bf5 29. Qg5 Bxg4 30. Rh4 Qxb4 31. Rxg4 hxg5 32. Rxb4 Rd2 33. Rfb1 Rc7
34. g3 Rcc2 35. Rxb7 Rxf2 36. Rxa7 Rg2+ 37. Kf1 Rxh2 38. Kg1 Rcg2+ 39. Kf1 Rxg3
40. Rxf7 Ra3 41. Kg1 Re2 42. Ra7 g4 43. Kf1 Rc2 44. Re7 g3 0-1